Pittsburgh Steelers Head Coaches - Statistics

General Stats
  • This quiz has been taken 80 times
  • The average score is 5 of 19
Answer Stats
Hint Answer % Correct
Pittsburgh Steelers 2007-present Mike Tomlin
100%
Pittsburgh Steelers 1969-1991 Chuck Noll
91%
Pittsburgh Steelers 1992-2006 Bill Cowher
86%
Pittsburgh Steelers 1941 Bert Bell
17%
Pittsburgh Steelers 1966-1968 Bill Austin
15%
Pittsburgh Steelers 1957-1964 Buddy Parker
15%
Pittsburgh Pirates 1939-1940 Walt Kiesling
15%
Pittsburgh Steelers 1941-1944 Walt Kiesling
15%
Pittsburgh Steelers 1954-1956 Walt Kiesling
15%
Pittsburgh Pirates 1937-1939 John McNally
14%
Pittsburgh Steelers 1945 Jim Leonard
12%
Pittsburgh Steelers 1946-1947 Jock Sutherland
12%
Pittsburgh Pirates 1935-1936 Joe Bach
12%
Pittsburgh Steelers 1952-1953 Joe Bach
12%
Pittsburgh Steelers 1965 Mike Nixon
12%
Pittsburgh Steelers 1948-1951 John Michelosen
9%
Pittsburgh Steelers 1941* Aldo Donelli
8%
Pittsburgh Pirates 1934 Luby DiMeolo
8%
Pittsburgh Pirates 1933 Forrest Duods
3%
No matching quizzes found
Score Distribution
Percent of People with Each Score
Percentile by Number Answered
Your Score History
You have not taken this quiz